Länder i Sydamerika - Statistics

General Stats
  • This quiz has been taken 213 times
  • The average score is 11 of 13
Answer Stats
Answer % Correct
Brasilien
99%
Argentina
97%
Chile
96%
Uruguay
92%
Paraguay
90%
Bolivia
89%
Colombia
87%
Peru
86%
Venezuela
86%
Ecuador
83%
Guyana
70%
Surinam
69%
Franska Guyana
49%
No matching quizzes found
Score Distribution
Percent of People with Each Score
Percentile by Number Answered
Your Score History
You have not taken this quiz